Phone Brands by Country - Statistics

General Stats
  • This quiz has been taken 1,570 times
    1,192 since last reset
  • The average score is 7 of 12
Answer Stats
Hint Answer % Correct
Apple USA
99%
Samsung South Korea
86%
Sony Japan
80%
Huawei China
79%
Nokia Finland
58%
Ericsson Sweden
53%
LG South Korea
52%
BlackBerry Canada
47%
Motorola USA
44%
Alcatel-Lucent France
33%
HTC Taiwan
33%
BLU USA
24%
No matching quizzes found
Score Distribution
Percent of People with Each Score
Percentile by Number Answered
Your Score History
You have not taken this quiz since the last reset